[Event "Tilburg Fontys"]
[Site "Tilburg"]
[Date "1996.10.19"]
[Round "8"]
[White "Polgar, Judit"]
[Black "Karpov, Anatoly"]
[Result "1/2-1/2"]
[WhiteElo "2665"]
[BlackElo "2775"]
[Annotator "Tsesarsky,Ilya"]
[PlyCount "39"]
[EventDate "1996.10.11"]
[EventType "tourn"]
[EventRounds "11"]
[EventCountry "NED"]
[EventCategory "16"]
[SourceTitle "CBM 056"]
[Source "ChessBase"]
[SourceDate "1997.02.01"]
[SourceVersion "1"]
[SourceVersionDate "1997.02.01"]
[SourceQuality "1"]

1. e4 c6 2. d4 d5 3. exd5 cxd5 4. c4 Nf6 5. Nc3 e6 6. Nf3 Be7 7. cxd5 Nxd5 8. Bd3 Nc6 9. O-O O-O 10. Re1 Bf6 11. Be4 Nce7 12. Ne5 Ng6 (12... Nc6 13. Nf3 Nce7 {½-½ Ivanchuk,V-Karpov,An/URS-ch55 Moscow ;URS-ch 1988}) (12... Nf5 13. a3 Nde7 14. Be3 Bd7 (14... Nxe3 15. Rxe3 Nf5 16. Bxf5 exf5 $13) 15. Ng4 Bh4 16. Qc2 (16. d5 $6 Nxe3 17. Nxe3 f5 18. Bf3 Qb6 19. g3 f4 20. gxh4 fxe3 21. Rxe3 Nf5 22. Re4 Qxb2 $17) 16... Bc6 17. g3 h5 $1 18. Ne5 $8 Bf6 (18... Bxe4 19. Qxe4 Bf6 $10) 19. Rad1 Rc8 20. Qe2 g6 (20... h4 $5) 21. Qf3 Bxe4 22. Nxe4 Bg7 $15 23. h3 Rc2 24. Bg5 f6 $17 25. Qb3 $8 Qc8 (25... Nxd4 $2 26. Rxd4 Qxd4 27. Bxf6 $3 Bxf6 28. Nxf6+ Rxf6 29. Qxc2 $16) 26. Nc5 (26. Bxf6 Bxf6 27. Nc3 Rxf2 $1 $19) 26... Nxd4 $19 27. Rxd4 Rxc5 28. Nd7 fxg5 29. Rd3 Rc1 30. Qxe6+ Rf7 31. Rxc1 Qxc1+ 32. Kh2 Qc6 {0-1 Hulak,K-Torre,E/Toluca izt (08) ;IZT 1982 (38)}) 13. Qf3 Nxc3 (13... Nde7 14. Be3 Bxe5 15. dxe5 $14) 14. bxc3 (14. Qxc3 Qd6 15. Nxg6 hxg6 16. Be3 Rd8 17. Rad1 $14 {[%cal Ye4b7]}) 14... Bxe5 15. dxe5 Qa5 (15... Qc7 16. Ba3 Rd8 17. Bd6 $14) 16. Rb1 $146 (16. Bb2 $5 Rd8 (16... Nxe5 17. Bxh7+ Kxh7 18. Qh5+ Kg8 19. Rxe5 Qb6 20. Ba3 Rd8 21. Qh4 $14) (16... Bd7 $5 17. c4 (17. Bxb7 Rab8 $10 {[%csl Rb2,Re5]}) (17. Bxg6 hxg6 18. Qxb7 Rab8 19. Qxd7 Rxb2 20. Qc6 Rxa2 21. Rxa2 Qxa2 $10) 17... Rab8 18. Qa3 Qxa3 19. Bxa3 Rfd8 20. Bd6 Rbc8 21. c5 Bc6 22. Bxc6 Rxc6 23. Rab1 b6 24. cxb6 axb6 25. Rec1 Rdc8 26. Rxc6 Rxc6 27. g3 $10) 17. c4 Rb8 18. Rad1 Bd7 19. Qc3 Qxc3 20. Bxc3 Bc6 21. Bxc6 bxc6 22. Rd6 $14) ({RR} 16. Bb2 Nxe5 17. Bxh7+ Kxh7 18. Qh5+ Kg8 19. Rxe5 Qc7 20. Re4 f6 21. Rh4 e5 22. Rd1 Be6 23. Rd3 Rad8 24. Rg3 g5 25. Ba3 Qd7 26. Qh8+ Kf7 27. Rh7+ Kg6 28. Rh6+ Kf5 29. Rf3+ Ke4 30. Re3+ Kf5 {Ulybin,M (2501)-Ronka,E (2199) Jyvaskyla 2014 1-0 (33)}) 16... Nxe5 17. Qe2 (17. Qg3 Ng6 18. a3 Qe5 (18... Rd8 19. Bxb7 (19. Bg5 Rd7 $6 (19... Re8 20. c4 (20. Bxb7 $6 Bxb7 21. Rxb7 Rac8 $15) 20... e5 21. h4 $44) 20. h4 $1 $32 {[%csl Rc8]} Qxa3 21. h5 Nf8 22. Bf6 g6 23. Qg5 e5 24. Qh6 Ne6 25. hxg6 fxg6 26. Bxg6 hxg6 27. Qxg6+ Ng7 28. Rxe5 Qf8 29. Rbe1 Rf7 30. Be7 Rxe7 (30... Bf5 31. Rxf5 $18) 31. Rxe7 Bf5 32. Rxg7+ Qxg7 33. Qxf5 $18) 19... Bxb7 20. Rxb7 Rac8 $15) 19. Qxe5 Nxe5 20. Bxh7+ Kxh7 21. Rxe5 $11) 17... a6 18. Rb3 (18. Bxb7 Bxb7 19. Rxb7 (19. Qxe5 Qxe5 20. Rxe5 Bd5 $15) 19... Rad8 $11) 18... Nc6 19. Bb2 e5 20. c4 $44 1/2-1/2

[Event "EU-Cup 05th final"]
[Site "Moscow"]
[Date "1986.12.11"]
[Round "5.2"]
[White "Beliavsky, Alexander G"]
[Black "Karpov, Anatoly"]
[Result "1/2-1/2"]
[WhiteElo "2585"]
[BlackElo "2705"]
[Annotator "RR"]
[PlyCount "84"]
[EventDate "1986.12.10"]
[EventType "team-match"]
[EventRounds "2"]
[EventCountry "URS"]
[SourceTitle "EXT 2020"]
[Source "ChessBase"]
[SourceDate "2019.10.17"]
[SourceVersion "1"]
[SourceVersionDate "2019.10.17"]
[SourceQuality "1"]
[WhiteTeam "Trud"]
[BlackTeam "Moscow CSKA"]
[WhiteTeamCountry "URS"]
[BlackTeamCountry "RUS"]

1. e4 c6 2. c4 d5 3. exd5 cxd5 4. cxd5 Nf6 5. Nc3 Nxd5 6. Nf3 Nc6 7. d4 e6 8. Bd3 (8. Bc4 $5) 8... Be7 9. O-O O-O 10. Re1 Nf6 11. a3 (11. Bg5) 11... b6 12. Bg5 Bb7 13. Bc2 {[%cal Gd1d3,Gd3h7,Gg5f6]} Rc8 (13... Nd5 14. Qd3 (14. h4)) 14. Qd3 g6 15. Rad1 Nd5 16. Bh6 $36 Re8 17. Ba4 a6 $6 (17... Nxc3 $142 18. bxc3 Bxa3 19. c4 Bf8 $13) (17... Bf8) 18. Nxd5 Qxd5 (18... exd5 $5) 19. Qe3 Bf6 20. Bb3 Qd7 $5 {Tentative d'amélioration du Champion du Monde sur une de ses vieilles parties} (20... Qh5 $143 $2 21. d5 $40 {1-0 Smyslov,V (2620)-Karpov,A (2540) URS-ch39 Leningrad 1971 (9)}) 21. d5 $1 exd5 22. Qxb6 Rxe1+ 23. Rxe1 Bxb2 $146 ({RR} 23... Bg7 24. Bxg7 Kxg7 25. h4 d4 26. Rd1 d3 27. Qe3 Rd8 28. h5 Nd4 29. h6+ Kf8 30. Ne5 Qf5 31. Rxd3 Qe4 32. Qxe4 Bxe4 33. Re3 Bd5 34. Bxd5 Rxd5 35. Ng4 Rd6 36. f3 f6 37. Kf2 Kf7 38. Rc3 {Kozhuharov,S (2458)-Dimitrov,R (2495) Sunny Beach 2015 1-0 (71)}) 24. Bxd5 Bg7 25. Bxg7 Kxg7 26. h4 $5 {[%cal Gh4h5]} Qxd5 $1 27. Qxb7 Rb8 28. Qxa6 Rb3 29. Qa4 Rc3 30. Re3 Rc4 31. Qb3 Nd4 $1 32. Qb2 (32. Nxd4 Rc1+ 33. Kh2 Qxd4 34. g3 Qd1 35. Qxd1 Rxd1 {Beliavsky,A}) 32... Kh6 33. Ne5 Rc2 34. Qb8 Kg7 35. h5 Nf5 36. Re1 gxh5 37. Nf3 Qc5 38. Qe5+ Qxe5 39. Rxe5 Rc1+ 40. Kh2 Kf6 41. Rb5 Ra1 42. Rb6+ Kg7 1/2-1/2

[Event "Linares 13th"]
[Site "Linares"]
[Date "1995.03.14"]
[Round "11"]
[White "Karpov, Anatoly"]
[Black "Beliavsky, Alexander G"]
[Result "1/2-1/2"]
[WhiteElo "2780"]
[BlackElo "2650"]
[PlyCount "138"]
[EventDate "1995.03.01"]
[EventType "tourn"]
[EventRounds "13"]
[EventCountry "ESP"]
[EventCategory "17"]
[SourceTitle "CBM 046"]
[Source "ChessBase"]
[SourceDate "1995.06.01"]
[SourceVersion "1"]
[SourceVersionDate "1995.06.01"]
[SourceQuality "1"]

1. c4 c6 2. e4 d5 3. exd5 cxd5 4. d4 Nf6 5. Nc3 e6 6. Nf3 Be7 7. cxd5 Nxd5 8. Bd3 O-O 9. O-O Nc6 10. Re1 Nf6 11. Bg5 h6 12. Be3 Nb4 13. Bb1 b6 14. Qd2 Re8 15. a3 Nc6 $146 ({RR} 15... Nbd5 16. Nxd5 exd5 17. Bxh6 Ne4 18. Rxe4 dxe4 19. Bxe4 Rb8 20. Bc2 Qd5 21. Qd3 Bf5 22. Qxf5 Qxf5 23. Bxf5 gxh6 24. Rd1 Rbd8 25. d5 Bf6 26. d6 Bxb2 27. a4 Rb8 28. Kf1 Bf6 29. Be4 Rbc8 30. Nd2 {Kryvoruchko,Y (2513)-Riazantsev,A (2594) Cappelle la Grande 2006 ½-½ (34)}) 16. Qd3 Bb7 17. Ne4 Kf8 18. Bd2 a5 19. Bf4 Nd5 20. Bg3 Ba6 21. Qd2 Rc8 22. Ba2 Kg8 23. Rac1 Nf6 24. Nc3 Bf8 25. d5 exd5 26. Rxe8 Qxe8 27. Nxd5 Nxd5 28. Bxd5 Ne7 29. Ba2 Rxc1+ 30. Qxc1 Bb7 31. Ne5 Bd5 32. Bb1 Nc6 33. Qd2 Qe6 34. Nd3 Qf5 35. Qd1 Nd4 36. Nf4 Bb3 37. Bxf5 Bxd1 38. Bd3 Bb3 39. Kf1 g6 40. Ke1 Bg7 41. Kd2 Ba4 42. Bc4 Nb3+ 43. Kc2 Nd4+ 44. Kb1 Nb3 45. Bd5 Nd2+ 46. Kc1 Nb3+ 47. Kc2 Nd4+ 48. Kd3 Nf5 49. b3 Bd7 50. a4 h5 51. Ne2 Nxg3 52. Nxg3 Kf8 53. Ne4 Ke7 54. h4 Bb2 55. Ng5 f6 56. Ne4 Bc8 57. g3 Bh3 58. Ke3 Ba3 59. Bc4 Bc8 60. Ke2 Bb4 61. Kd3 Bb7 62. Ke3 Ba3 63. Nc3 Bc5+ 64. Ke2 Kf8 65. Nd5 Kg7 66. Nf4 Kh6 67. Ne6 Ba3 68. Nf4 g5 69. Nd5 Bxd5 1/2-1/2

[Event "Linares 13th"]
[Site "Linares"]
[Date "1995.03.13"]
[Round "10"]
[White "Topalov, Veselin"]
[Black "Karpov, Anatoly"]
[Result "0-1"]
[WhiteElo "2630"]
[BlackElo "2780"]
[Annotator "Marin,Mihail"]
[PlyCount "108"]
[EventDate "1995.03.01"]
[EventType "tourn"]
[EventRounds "13"]
[EventCountry "ESP"]
[EventCategory "17"]
[SourceTitle "CBM 046"]
[Source "ChessBase"]
[SourceDate "1995.06.01"]
[SourceVersion "1"]
[SourceVersionDate "1995.06.01"]
[SourceQuality "1"]

1. e4 {Ftacnik} c6 2. d4 d5 3. exd5 cxd5 4. c4 Nf6 5. Nc3 e6 6. Nf3 Be7 7. cxd5 Nxd5 8. Bd3 Nc6 9. O-O O-O 10. Re1 Bf6 11. Be4 Nce7 12. Qd3 h6 13. Ne5 Nxc3 14. Qxc3 (14. bxc3 {Ftacnik} Bxe5 15. dxe5 Qxd3 16. Bxd3 Bd7 $15) 14... Nf5 15. Be3 a5 $5 (15... Nxe3 16. Qxe3 (16. fxe3 {Ftacnik} Rb8 17. Rad1 Bd7 18. Bb1 Be8 19. Ng4 Bg5 20. e4 h5 21. Nf2 Rc8 22. Qh3 g6 23. d5 e5 24. Qb3 {Chiburdanidze,M-Ioseliani,N (5)/Telavi-WchW/1988/0.5 (60)}) 16... Qb6 (16... Qb6 17. Rad1 Rd8 18. b3 (18. Rd2 Bd7 {Hoi,C-Hansen,LB/Vejstrup/1989/0.5 (18)}) 18... Bd7 19. Qf3 Bb5 {Sher,M-Hansen,LB/Vejle/1994/0.5 (20)})) ({RR} 15... Rb8 16. Bf4 g5 17. Bxf5 gxf4 18. Be4 Bg7 19. Rad1 Bd7 20. Qf3 Bb5 21. Bxb7 Qg5 22. b3 Rfd8 23. Be4 Rb6 24. Qc3 Qe7 25. Qc1 Qf6 26. Qc7 Rbd6 27. Qxa7 Qxe5 28. dxe5 Rxd1 29. Qa5 Bxe5 30. h3 {Gelfand,B (2743)-Wang,Y (2720) Beijing 2014 0-1 (61)}) ({RR} 15... Re8 16. Rad1 Re7 17. Bf4 Rc7 18. Qb3 Bg5 19. Bxg5 Qxg5 20. d5 Nd6 21. Bb1 b6 22. Qa3 Rc5 23. Nf3 Qf4 24. Rd4 Qf6 25. dxe6 Nb5 26. e7 Bf5 27. e8=Q+ Rxe8 28. Rxe8+ Kh7 29. Bxf5+ Qxf5 30. Qd3 {Zwirs,N (2476)-Beukema,S (2423) Wijk aan Zee 2025 1-0 (35)}) 16. Rac1 a4 17. Red1 Nxe3 $146 ({RR} 17... Qa5 18. Qxa5 Rxa5 19. Bxf5 Bxe5 20. Be4 Bd6 21. d5 exd5 22. Bxd5 Be5 23. b4 axb3 24. axb3 Be6 25. Bxe6 fxe6 26. g3 Bf6 27. Rc5 Rxc5 28. Bxc5 Rd8 29. Rxd8+ Bxd8 30. Kg2 h5 31. Kf3 Kf7 32. Ke4 {Lesiege,A (2588)-Shipov,S (2625) Moscow 2001 ½-½ (42)}) 18. Qxe3 (18. fxe3 {Ftacnik} Bxe5 19. dxe5 Qg5 $132) 18... Qb6 19. Ng4 Bg5 20. f4 Be7 21. Bb1 Bd7 (21... Qxb2 $6 22. Qg3 (22. d5 Qa3 23. Rc3 Qd6 24. Qg3 exd5) 22... f5 (22... Kh8 23. Qh3 Kg8 24. Nxh6+ gxh6 25. Qxh6 f5 26. Qg6+ Kh8 27. Rc7 Qb4 (27... Qa3 28. Rd3 $18) 28. a3 $1 Qxa3 (28... Qd6 29. Rd3 $18) 29. Rd3 $18) 23. Nxh6+ Kh7 (23... Kh8 24. Qh3 $18 {xf5}) 24. Ng4 Bd6 (24... Bd7 25. Rc7 {e5}) (24... Rd8 25. Ne5 $40) 25. Ne5 Bxe5 26. dxe5 $16 {c,d, ץc8}) 22. Qg3 f5 $8 (22... Kh8 $2 23. Qh3 (23. Qd3 {Ftacnik} f5 24. Ne5 Be8 $13) 23... f5 24. Nxh6 gxh6 25. Qxh6+ Kg8 26. Qg6+ Kh8 27. Rc3 $18) 23. Nxh6+ Kh7 $8 (23... Kh8 24. Qh3 $18) 24. Ng4 Rfd8 25. Ne5 Be8 $132 {(×b2,d4)} 26. Qe3 $6 (26. Qf2 $5 {(×b2)} g6 $1 (26... Bf6 27. d5 Qxf2+ 28. Kxf2 exd5 29. Bxf5+ $16) (26... Rd5 27. a3 $1 (27. Nc4 Qa7 28. Rd2 Rad8 (28... Rxd4 $2 29. Rxd4 Bc5 30. Rcd1 Rd8 31. Qh4+ $18) 29. Rcd1 Bf6 (29... Rxd4 30. Rxd4 Rxd4 31. Rxd4 Bc5 32. Qh4+ Kg8 (32... Kg6 33. Ne5#) 33. Qd8 Bxd4+ 34. Kh1 Kf8 35. Nd6 $18) 30. Ne5 Bh5) 27... Rad8 28. Ba2 Rxd4 29. Rxd4 Qxd4 30. Qxd4 Rxd4 31. g3 (31. Bxe6 Rxf4 32. g3 Rd4 33. Bxf5+ Kh6 $14 {, ×b2}) 31... Bd8 (31... Rd6 32. Rc7) 32. Bxe6 Bb6 33. Kg2 Rd2+ 34. Kh3 Rxb2 35. Bxf5+ g6 36. Be6 $16 {c4, c7}) 27. a3 Rac8 28. Rxc8 (28. Ba2 $2 Rxd4 $1) 28... Rxc8 29. Ba2 $14) 26... Bf6 (26... Qxb2 27. Nc4 Qb5 28. Qxe6) 27. g4 $6 {(עg1)} (27. Rd2 $14 {Ftacnik}) 27... g6 28. gxf5 (28. g5 {Ftacnik} Bxe5 29. Qxe5 Rac8 (29... Bc6 $2 30. Rc3 $18) 30. Rc3 Rxc3 31. bxc3 Rc8 32. Qe3 $14) 28... exf5 29. Qc3 $6 (29. Qf2) 29... Rac8 30. Qh3+ (30. Qxc8 {Ftacnik} Rxc8 31. Rxc8 Bc6 $132) 30... Kg7 31. Rxc8 Rxc8 32. Qg2 Rd8 33. Qf2 Be7 34. h4 $2 (34. a3 $5 {(a2)} Qb3 35. Rd3 Qd5 $44 36. Qg2 Qxg2+ 37. Kxg2 Bc6+ 38. Nxc6 bxc6 {f6, ×d4, b2}) (34. Nc4 {Ftacnik} Qc7 $13) 34... Qf6 $17 (34... Rxd4 35. Rxd4 Bc5 36. Nf3 Bc6 37. Kf1 Kh6) 35. Rc1 (35. Nf3 Bc6 36. Ng5 $6 Bc5 $1 37. Rd2 Rxd4 38. Rxd4 Kh6 $1 (38... Bxd4 39. Ne6+ Qxe6 40. Qxd4+ Kh7 $15) 39. Nf3 (39. Ne6 Qxe6) 39... Bxf3 40. Qxf3 Qxd4+ 41. Kg2 Qxb2+ $19) (35. Qg2 {Ftacnik} Bc5 36. Qf2 (36. Qxb7+ Kh8 37. Nf3 Bc6 38. Qa6 Rxd4 $1 39. Nxd4 Bxd4+ 40. Kf1 Bg2+ $19)) 35... Qxh4 36. Rc7 Kf8 37. Qe3 $6 Bd6 38. Rxb7 Bxe5 39. Qxe5 (39. fxe5 Rxd4 $19) 39... Qg3+ 40. Kf1 Qf3+ 41. Ke1 Qxb7 42. Qf6+ Bf7 43. Qxd8+ Kg7 $19 {(h1xb1)} 44. d5 $6 (44. Kd2 Qxb2+ 45. Bc2 Qxa2 46. Qe7 a3 47. Qe5+ Kh7) (44. Bc2 {Ftacnik} Qxb2 $17) 44... Qb4+ 45. Kd1 Qd4+ 46. Kc2 Qe4+ 47. Kc3 {?!?} (47. Kc1 Qxf4+ 48. Kd1 Qd4+ 49. Kc1 Bxd5 $19) 47... Qxb1 48. d6 Qe1+ 49. Kd4 Qb4+ 50. Ke3 (50. Ke5 $2 {Ftacnik} Qxb2#) 50... Qe4+ 51. Kd2 Qxf4+ 52. Kc2 Qe4+ 53. Kd2 Qd4+ 54. Kc1 f4 (54... f4 55. d7 f3 56. Qe7 f2 57. d8=Q f1=Q+ 58. Kc2 Qfd3+ 59. Kc1 Qd1#) 0-1

[Event "Hoogovens"]
[Site "Wijk aan Zee"]
[Date "1998.01.21"]
[Round "5"]
[White "Timman, Jan H"]
[Black "Karpov, Anatoly"]
[Result "1/2-1/2"]
[WhiteElo "2635"]
[BlackElo "2735"]
[PlyCount "53"]
[EventDate "1998.01.16"]
[EventType "tourn"]
[EventRounds "13"]
[EventCountry "NED"]
[EventCategory "17"]
[SourceTitle "CBM 063"]
[Source "ChessBase"]
[SourceDate "1998.03.26"]
[SourceVersion "1"]
[SourceVersionDate "1998.03.26"]
[SourceQuality "1"]

1. e4 c6 2. d4 d5 3. exd5 cxd5 4. c4 Nf6 5. Nc3 e6 6. Nf3 Be7 7. cxd5 Nxd5 8. Bd3 Nc6 9. O-O O-O 10. Re1 Nf6 11. a3 b6 12. Bc2 Ba6 13. Bf4 ({RR} 13. Be3 Rc8 14. Ne5 Bb7 15. h3 g6 16. Bb3 Nxe5 17. dxe5 Nd7 18. Bh6 Re8 19. Ba4 Bc6 20. Bxc6 Rxc6 21. Qf3 Rc5 22. Rad1 Qc8 23. Ne4 Rxe5 24. Rxd7 Qxd7 25. Nf6+ Bxf6 26. Qxf6 Rxe1+ 27. Kh2 Qd6+ {Arizmendi Martinez,J (2440)-Anand,V (2795) Villarrobledo 1998 0-1 (40)}) ({RR} 13. Qd2 Rc8 14. Qf4 Nd5 15. Qg4 Nxc3 16. bxc3 Bf6 17. Bg5 Bxg5 18. Nxg5 h6 19. Qe4 g6 20. Nxe6 Qd6 21. Nxf8 Rxf8 22. Bb3 Na5 23. Ba2 Bb7 24. Qg4 h5 25. Qg3 Qf6 26. Re3 Kg7 27. h3 Rc8 {Parfenov,V (2193)-Molina,R (2396) chess.com INT 2026 1-0 (60)}) 13... Rc8 14. Rc1 Bc4 15. Bg3 $146 ({RR} 15. Bb1 Nd5 16. Qc2 g6 17. Bh6 Re8 18. Qe4 Nxc3 19. Rxc3 Bd5 20. Qf4 Bd6 21. Ne5 Nxe5 22. dxe5 Rxc3 23. exd6 Rc4 24. Qg3 Rc6 25. Bf4 e5 26. Bxe5 Qxd6 27. h4 Rxe5 28. Rxe5 Be6 29. Kh2 f6 {Matras Clement,A (2225)-Kaszowski,D (2283) Ustron 2004 ½-½ (33)}) ({RR} 15. Bb1 Qd7 16. Ne5 Nxe5 17. Bxe5 g6 18. Qf3 Nd5 19. Ne4 f6 20. Bg3 Ba6 21. Rxc8 Bxc8 22. h4 Bb7 23. Qd3 f5 24. Ng5 Bxg5 25. hxg5 f4 26. Bh4 f3 27. gxf3 Nf4 28. Qe3 Nh3+ 29. Kh2 Rxf3 {Zude,A (2378)-Schulz,K (2325) Germany 2022 1-0 (32)}) 15... g6 16. Ba4 a6 17. Bxc6 Rxc6 18. Ne5 Rc8 19. Qa4 Bd5 20. Nxd5 Nxd5 21. Nc6 Qd7 22. Nxe7+ Qxe7 23. Qxa6 Qd7 24. h3 Rc6 25. Qe2 Rfc8 26. Qd2 b5 27. h4 1/2-1/2

[Event "Podgorica m"]
[Site "Podgorica"]
[Date "1996.??.??"]
[Round "3"]
[White "Ivanovic, Bozidar"]
[Black "Karpov, Anatoly"]
[Result "1/2-1/2"]
[WhiteElo "2500"]
[BlackElo "2770"]
[PlyCount "31"]
[EventDate "1996.??.??"]
[EventType "match"]
[EventRounds "4"]
[EventCountry "YUG"]
[SourceTitle "EXT 2002"]
[Source "ChessBase"]
[SourceDate "2001.11.25"]
[SourceVersion "1"]
[SourceVersionDate "2001.11.25"]
[SourceQuality "1"]

1. e4 c6 2. d4 d5 3. exd5 cxd5 4. c4 Nf6 5. Nc3 e6 6. Nf3 Be7 7. cxd5 Nxd5 8. Bd3 Nc6 9. O-O O-O 10. Re1 Bf6 11. Be4 Nce7 12. Qd3 h6 13. a3 ({RR} 13. Qe2 Bd7 14. Bb1 Nxc3 15. bxc3 Bc6 16. Ne5 Bxe5 17. Qxe5 Qd5 18. Qg3 Qh5 19. Bc2 Nf5 20. Bxf5 exf5 21. c4 Rfe8 22. Be3 Qg4 23. d5 Ba4 24. Qxg4 fxg4 25. Rab1 b6 26. Rec1 Rac8 27. Rb4 Bd7 {Adams,M (2590)-Karpov,A (2725) Roquebrune 1992 ½-½ (48)}) ({RR} 13. h4 b6 14. Ng5 g6 15. Bxd5 exd5 16. Nf3 Bf5 17. Qe2 h5 18. Bg5 Bxg5 19. hxg5 Re8 20. Qe3 Be6 21. Qf4 Nf5 22. Re5 Rc8 23. Rae1 Qd7 24. R5e2 Qd8 25. Ne5 Ng7 26. Re3 a6 27. Ne2 Bf5 {Fernandez Siles,L (2191)-Abdyjapar,A (2357) chess.com INT 2024 0-1 (33)}) 13... Bd7 14. Ne5 Nxc3 15. Qxc3 Bc6 $146 ({RR} 15... Bxe5 16. dxe5 Bc6 17. Bb1 Nf5 18. Bxf5 exf5 19. Qg3 Kh7 20. Be3 Qe7 21. Rad1 Rfd8 22. h4 b6 23. Rd6 Rxd6 24. exd6 Qe4 25. Bd2 Qg4 26. Qxg4 fxg4 27. Bf4 Re8 28. Rc1 Bd5 29. Rc7 a5 30. Be3 {Sitnikov,D (2415)-Shirokov,A (2178) Novokuznetsk 2008 1-0 (61)}) 16. Bxc6 1/2-1/2

[Event "Podgorica m"]
[Site "Podgorica"]
[Date "1996.??.??"]
[Round "1"]
[White "Ivanovic, Bozidar"]
[Black "Karpov, Anatoly"]
[Result "0-1"]
[WhiteElo "2500"]
[BlackElo "2770"]
[PlyCount "64"]
[EventDate "1996.??.??"]
[EventType "match"]
[EventRounds "4"]
[EventCountry "YUG"]
[SourceTitle "EXT 2002"]
[Source "ChessBase"]
[SourceDate "2001.11.25"]
[SourceVersion "1"]
[SourceVersionDate "2001.11.25"]
[SourceQuality "1"]

1. e4 c6 2. d4 d5 3. exd5 cxd5 4. c4 Nf6 5. Nc3 e6 6. Nf3 Be7 7. cxd5 Nxd5 8. Bd3 Nc6 9. O-O O-O 10. Re1 Nf6 11. Bg5 b6 12. Qe2 Bb7 13. Rad1 Nb4 14. Bb1 Rc8 15. Ne5 Nbd5 16. Qd3 g6 17. Bh6 Re8 18. Qh3 Bf8 19. Bg5 ({RR} 19. Ne4 Nh5 20. Bxf8 Rxf8 21. Qa3 a5 22. Nd6 Rc7 23. Nxb7 Rxb7 24. Be4 Nhf6 25. h4 Nxe4 26. Rxe4 f5 {½-½ (26) Ornstein,A (2470)-Adamski,J (2415) Hannover 1976}) 19... Be7 $146 ({RR} 19... Bg7 20. Nxd5 Qxd5 21. Bxf6 Bxf6 22. Be4 Qxe4 23. Rxe4 Bxe4 24. Qe3 Bd5 25. Rc1 Bxa2 26. Ra1 Bd5 27. Rxa7 Ra8 28. Rxa8 Rxa8 29. h4 h5 30. Nd7 Bd8 31. Qf4 Ra1+ 32. Kh2 Ra7 33. Nf6+ Bxf6 34. Qxf6 {Ciocaltea,V-Hort,V Sarajevo 1964 ½-½ (42)}) ({RR} 19... Bg7 20. Ne4 Qc7 21. Rc1 Nxe4 22. Bxe4 Qd6 23. Nxf7 Rxc1 24. Bxc1 Kxf7 25. Qxh7 Rh8 26. Qxg6+ Kf8 27. g3 Ne7 28. Qg4 Bxe4 29. Rxe4 Nf5 30. Qg6 Qd7 31. Qxe6 Qxe6 32. Rxe6 Nxd4 33. Re4 Kf7 34. Kg2 {Ivanovic,B (2535)-Redzepagic,R (2340) Skopje 1991 ½-½ (35)}) 20. Bh6 Bf8 21. Bd2 Nxc3 22. bxc3 b5 23. Bd3 a6 24. Rb1 Rc7 25. c4 bxc4 26. Bxc4 Qxd4 27. Ba5 Rxc4 28. Rxb7 Rc5 29. Bc7 Qd5 30. Ra7 Re7 31. Qh4 Rexc7 32. Rxc7 Rxc7 0-1